Copyright law : (Record no. 53647)
[ view plain ]
| 000 -LEADER | |
|---|---|
| fixed length control field | 00911nam a22002417a 4500 |
| 005 - DATE AND TIME OF LATEST TRANSACTION | |
| control field | 20190519130204.0 |
| 008 - FIXED-LENGTH DATA ELEMENTS--GENERAL INFORMATION | |
| fixed length control field | 110708t xxu||||| |||| 00| 0 eng d |
| 010 ## - LCCN (DPL NO) | |
| LC control number | ENG-102936 B-447560-564 |
| 020 ## - INTERNATIONAL STANDARD BOOK NUMBER | |
| Terms of availability | 395.00 |
| International Standard Book Number | 9789380228723 |
| 035 ## - SYSTEM CONTROL NUMBER | |
| System control number | EN-86469 B-447560-564 |
| 037 ## - SOURCE OF ACQUISITION | |
| Source of stock number/acquisition | DBAD/PUB |
| 037 ## - SOURCE OF ACQUISITION | |
| Source of stock number/acquisition | BPPD/KKP/VEN |
| 040 ## - CATALOGING SOURCE | |
| Original cataloging agency | dpl |
| Language of cataloging | English |
| 082 ## - DEWEY DECIMAL CLASSIFICATION NUMBER | |
| Classification number | 346.540482 |
| 100 ## - MAIN ENTRY--PERSONAL NAME | |
| 9 (RLIN) | 29042 |
| Personal name | Rao, Dipanshu |
| 245 ## - TITLE STATEMENT | |
| Title | Copyright law : |
| Remainder of title | a comparitive study / |
| Statement of responsibility, etc | by Dipanshu Rao |
| 260 ## - PUBLICATION, DISTRIBUTION, ETC. (IMPRINT) | |
| Place of publication, distribution, etc | New Delhi |
| Name of publisher, distributor, etc | Global India Publications |
| Date of publication, distribution, etc | 2010 |
| 270 ## - ADDRESS | |
| Address | 11, Darya Ganj |
| City | New Delhi |
| Postal code | 110 002 |
| 300 2# - PHYSICAL DESCRIPTION | |
| Extent | 308p. |
| Dimensions | 22cm (pbk) |
| 500 ## - GENERAL NOTE | |
| General note | Includes bibliographical references and index |
| 942 ## - ADDED ENTRY ELEMENTS (KOHA) | |
| Source of classification or shelving scheme | Dewey Decimal Classification |
| Item type | English Books |
| Call number suffix | RAO |
| Classification part | 346.540482 |
| Withdrawn status | Lost status | Source of classification or shelving scheme | Damaged status | Not for loan | Collection code | Home library | Current library | Date acquired | Source of acquisition | Cost, normal purchase price | Total Checkouts | Full call number | Barcode | Date last seen | Copy number | Cost, replacement price | Koha item type |
|---|---|---|---|---|---|---|---|---|---|---|---|---|---|---|---|---|---|
| Dewey Decimal Classification | Non-fiction | Central Library | Central Library | 26/03/2012 | KKP/22/23.9.11/BL 1318/23.9.11/9.11.11 | 395.00 | 2 | 346.540482 RAO | B-447560 | 29/07/2017 | 1 | 395.00 | English Books | ||||
| Dewey Decimal Classification | Not For Loan | Non-fiction | D.B.Act.Division | D.B.Act.Division | 08/07/2011 | DBAD/PUB | 395.00 | 346.540482 RAO | EN-86469 | 08/07/2011 | 1 | 395.00 | English Books | ||||
| Dewey Decimal Classification | Non-fiction | Karol Bagh | Karol Bagh | 26/03/2012 | KKP/22/23.9.11/BL 1318/23.9.11/9.11.11 | 395.00 | 346.540482 RAO | B-447563 | 26/03/2012 | 1 | 395.00 | English Books | |||||
| Dewey Decimal Classification | Non-fiction | Patel Nagar | Patel Nagar | 26/03/2012 | KKP/22/23.9.11/BL 1318/23.9.11/9.11.11 | 395.00 | 346.540482 RAO | B-447561 | 26/03/2012 | 1 | 395.00 | English Books | |||||
| Dewey Decimal Classification | Non-fiction | Sarojini Nagar | Sarojini Nagar | 26/03/2012 | KKP/22/23.9.11/BL 1318/23.9.11/9.11.11 | 395.00 | 346.540482 RAO | B-447562 | 26/03/2012 | 1 | 395.00 | English Books | |||||
| Dewey Decimal Classification | Non-fiction | Shahdara Branch | Shahdara Branch | 26/03/2012 | KKP/22/23.9.11/BL 1318/23.9.11/9.11.11 | 395.00 | 346.540482 RAO | B-447564 | 26/03/2012 | 1 | 395.00 | English Books |
